Zabudnite na papiere
Digitalizácia firemnej administratívy. Digitálne spracovanie celého archívu. Priebeh digitálneho spracovania firemných dokumentov. Spracovanie aj ťažko čitateľných dokumentov. Archivácia digitálnych dokumentov na DVD a CD. Prínosy digitalizácie v administratíve. Oblasti najčastejšieho využívania dig...
Saved in:
| Main Author: | |
|---|---|
| Format: | Book Chapter |
| Language: | Slovak |
| Subjects: | |
| Tags: |
No Tags, Be the first to tag this record!
|
MARC
| LEADER | 00000naa$a2200000$$$4500 | ||
|---|---|---|---|
| 001 | 0088314 | ||
| 005 | 20231011071751.7 | ||
| 041 | 0 | |a slo | |
| 044 | |a CZ | ||
| 245 | 1 | 0 | |a Zabudnite na papiere |c Jozef Brezovský |
| 520 | |a Digitalizácia firemnej administratívy. Digitálne spracovanie celého archívu. Priebeh digitálneho spracovania firemných dokumentov. Spracovanie aj ťažko čitateľných dokumentov. Archivácia digitálnych dokumentov na DVD a CD. Prínosy digitalizácie v administratíve. Oblasti najčastejšieho využívania digitalizácie. | ||
| 610 | 2 | 0 | |a archívy |
| 610 | 2 | 0 | |a administratíva |
| 610 | 2 | 0 | |a doklady účtovné |
| 610 | 2 | 0 | |a dokumenty |
| 610 | 2 | 0 | |a digitalizácia |
| 610 | 2 | 0 | |a technológie informačné |
| 610 | 2 | 0 | |a technológie komunikačné |
| 610 | 2 | 0 | |a správa štátna |
| 610 | 2 | 0 | |a banky |
| 610 | 2 | 0 | |a telekomunikácie |
| 100 | 1 | |a Brezovský, Jozef | |